01155nam a2200241Ia 4500003000900000008004100009020003000050022002200080022002300102040001600125100003100141245006200172260013300234300002000367490002700387700003400414700003200448700003300480856016300513942000700676999001700683952021300700IN-BaIIA211028s9999 xx s 000 0 eng d a978-1-107-03379-5 (Print) a1743-9213 (Print) a1743-9221 (Online) cIIA Library aZhang, Chenmin, ed.940610 0aFeeding Compact Objects: Accretion on All Scalesh[eBook] aCambridge bCambridge University Press c2013 aOnline resource aIAU Symposium; no. 290 a Mendez, Mariano, ed.940611 aBelloni, Tomaso, ed.940442 aZhang, Shuangnan, ed.940612 uhttps://www.cambridge.org/core/journals/proceedings-of-the-international-astronomical-union/issue/3214549BBA792BA8C113852E04A1FA70yClick Here to Access eBook cEB c22000d22000 00104070aBANbBANd2014-04-01eCUPl0pEB1460r2021-11-05uhttps://www.cambridge.org/core/journals/proceedings-of-the-international-astronomical-union/issue/3214549BBA792BA8C113852E04A1FA70w2021-11-05yEB